1928 1505 1626 1156 1471 1023 1071 1573 1313 1430 1488 1275 1815 1390 1018 1314 1916 1770 1225 1401 1447 1525 1886 1467 1249 1525 1948 1805 1856 1085 1137 1820 1219 1593 1516 1141 1419 1481 1765 1503 1845 1750 1829 1555 1751 1559 1039 1941 1969 1703 1528 1447 1511 1252 1876 1288 1785 1512 1594 1297 1707 1231 1235 1004 1706 1688 1552 1182 1062 1337 1190 1658 1665 1588 1236 1602 1742 1689 1005 1180 1401 1946 1003 1015 1562 1003 1980 1728 1832 1903 1200 1011 1339 1920 1394 1056 1969 1750 1129 BCNSPRNW ULIB Ver.6.0+V

เปลี่ยนเป็นภาษาไทย

Change to English
 แสดงรายละเอียดบรรณานุกรม
  กลับหน้าหลัก

Brief Record : Get Marc (ISO 2709) : E-mail record : QR code < ปิดหน้าต่าง
LEADER : 00000nas 2200000uu 4500
001    13399122286
003     ULIB
008    020711s|||| th a 000 0 tha d
022    08586632
110    โรงพยาบาลอุดรธาณี
245    วารสารการแพทย์โรงพยาบาลอุดรธาณี (วิทยาเขตนครสวรรค์) /^cโรงพยาบาลอุดรธาณี
260    อุดรธาณี :^bโรงพยาบาลอุดรธาณี,^cม.ป.ป.
310    ^aรายสี่เดือน
850 ^a ULIB:campus^bปีที่ 20 ฉบับที่ 2 ;ปีที่ 20 ฉบับที่ 3 ;ปีที่ 21 ฉบับที่ 1 ;ปีที่ 21 ฉบับที่ 2 ;ปีที่ 21 ฉบับที่ 3 ;ปีที่ 23 ฉบับที่ 3 ฉ.1 ;ปีที่ 24 ฉบับที่ 1 ฉ.1 ;ปีที่ 24 ฉบับที่ 2 ฉ.1 ;ปีที่ 24 ฉบับที่ 3 ฉ.1
945    ^p0^l0^i800378
945    ^p0^l0^i800420
945    ^p0^l0^i800569
945    ^p0^l0^i800770
945    ^p0^l0^i800904
945    ^p0^l0^i801638
945    ^p0^l0^i801827
945    ^p0^l0^i801948
945    ^p0^l0^i801949
999    ^aทศพร เกษรทอง
รายการนี้ยังไม่มีแท็ก
คุณยังไม่ได้ล็อกอิน คุณสามารถมีกิจกรรมร่วมกับเว็บไซต์ได้ แต่ต้องล็อกอินก่อน ::
  ล็อกอิน

รายการสื่อสารสนเทศ (วารสาร)

ดูแบบ: กล่อง รายการ
ARRIVED
ปีที่ 20 ฉบับที่ 2
สถานที่: ห้องสมุดวิทยาเขตสวรรค์ประชารักษ์ >วารสาร
ARRIVED
ปีที่ 20 ฉบับที่ 3
สถานที่: ห้องสมุดวิทยาเขตสวรรค์ประชารักษ์ >วารสาร
ARRIVED
ปีที่ 21 ฉบับที่ 1
สถานที่: ห้องสมุดวิทยาเขตสวรรค์ประชารักษ์ >วารสาร
ARRIVED
ปีที่ 21 ฉบับที่ 2
สถานที่: ห้องสมุดวิทยาเขตนครสวรรค์ >วารสาร
ARRIVED
ปีที่ 21 ฉบับที่ 3
สถานที่: ห้องสมุดวิทยาเขตนครสวรรค์ >วารสาร
ARRIVED
ปีที่ 23 ฉบับที่ 3 ฉ.1
สถานที่: ห้องสมุดวิทยาเขตนครสวรรค์ >วารสาร
ARRIVED
ปีที่ 24 ฉบับที่ 1 ฉ.1
สถานที่: ห้องสมุดวิทยาเขตนครสวรรค์ >วารสาร
ARRIVED
ปีที่ 24 ฉบับที่ 2 ฉ.1
สถานที่: ห้องสมุดวิทยาเขตนครสวรรค์ >วารสาร
ARRIVED
ปีที่ 24 ฉบับที่ 3 ฉ.1
สถานที่: ห้องสมุดวิทยาเขตนครสวรรค์ >วารสาร

BibComment


ยังไม่เคยถูกคอมเมนท์

คอมเมนท์ทรัพยากรรายการนี้
  คอมเมนท์: วารสารการแพทย์โรง..


 Copyright 2026. Bcnsprnw @Library